Pàgines pedagògiques / Ramon Llull ; edició a cura de Lola Badia i Albert Soler
Descripción Física:
LXX, 143 p. ; 19'5 cm
Colección:
Textos pedagògics ; 31
Materias:
Pedagogia - obres anteriors a 1800
MARC
| LEADER | 00000nam a2200000Ia 4500 | ||
|---|---|---|---|
| 001 | 9933 | ||
| 008 | 160829s1992 xx 000 0 cat d | ||
| 080 | |a E-1-148 | ||
| 100 | |a Llull, Ramon |9 64834 | ||
| 245 | |a Pàgines pedagògiques / Ramon Llull ; edició a cura de Lola Badia i Albert Soler | ||
| 260 | |a Vic : |b Eumo ; Barcelona : |b Diputació de Barcelona, |c 1992 | ||
| 300 | |a LXX, 143 p. ; |c 19'5 cm | ||
| 490 | |a Textos pedagògics ; 31 | ||
| 650 | |a Pedagogia - obres anteriors a 1800 |9 26479 | ||
| 700 | 1 | |a Badia, Lola |9 26480 | |
| 700 | |a Soler, Albert, ed. |9 26481 | ||
| 710 | 1 | |a Barcelona (Catalunya : Província). |b Diputació |9 52408 | |
| 901 | |a Arxiu | ||
| 942 | |n 1 | ||
| 952 | |0 0 |1 0 |4 0 |6 E1148 |7 1 |9 43996 |a Arxiu |b Arxiu |d 2016-12-01 |l 0 |o E-1-148 |p 9933 |r 2016-12-01 00:00:00 |w 2016-12-01 |y ARXIU | ||
| 999 | |c 46576 |d 46576 | ||